แสดงรายละเอียดบรรณานุกรม
  กลับหน้าหลัก

Brief Record : Get Marc (ISO 2709) : E-mail record : QR code ปิดหน้าต่าง
E-books : เกี่ยวกับ Collections
LEADER 00000nam 2200000uu 4500
001    209115
003     ULIBM
008    131008s2553||||th 000 0 tha d
020    ^a9786165290425
041 0  ^atha
050  4 ^aBF1148.T5 จ291 2553
100 0  ^aจากยอง, อี.
245 00 ^aเปลี่ยนเป็นคนใหม่ให้สวยเริด./^bอีจากยอง เขียน ;สมองสวย_จิตใจงาม,แปล.
260    ^aกรุงเทพฯ : ^bอมรินทร์สุขภาพ,^c2553.
300    ^a230 หน้า :^c21 ซม.
440  0 ^aชุดความงาม ลำดับที่ 5
650  0 ^aสตรี ^xความงาม.
650  0 ^aการเสริมสวย.
650  0 ^aสุขภาพและความงาม.
999    ^aใช้งานได้ทุกระบบ
รายการนี้ยังไม่มีแท็ก
คุณยังไม่ได้ล็อกอิน คุณสามารถมีกิจกรรมร่วมกับเว็บไซต์ได้ แต่ต้องล็อกอินก่อน ::
  ล็อกอิน
ลำดับที่ ประเภท เลขเรียก สถานที่ สถานะ
1. หนังสือทั่วไป
หนังสือทั่วไป
BF1148.T5 จ291 2553  
  
หนังสือทั่วไป ถูกยืม กำหนดส่งวันที่ 21 มิถุนายน 2569
  จอง
   [แสดง 1/1 รายการ]

BibComment


ยังไม่เคยถูกคอมเมนท์

คอมเมนท์ทรัพยากรรายการนี้
  คอมเมนท์: เปลี่ยนเป็นคนใหม..
Bib 209115

 
 
 

 Union Library Management : ULibM
Copyright 2026. All Rights Reserved.
скачать бесплатно без регистрации порно красивый секс HD Sex Hindi sex

xxx gou

xxxx

bfxxx

xxxwww

Секса Видео

xxxx

Секса Видео

detube

geilexxx

C99 Shell

worms shell

blod xxx video
Ebony Coed Rihanna Rimes Takes A Dick In Her Young Twat priyaa indian fuck anal and pusssy hardcore indian women xxx desi hardcore fucking part 1 bengalixxxcouple